Регионална библиотека "Любен Каравелов" - Русе

Магарешката кожа : прочети сам (Запис номер 494693)

MARC детайли
000 -Лидер
Лидер 01370nam a2200349 a 4500
003 - Код на организацията, давaща контролен номер
Код на организацията, даваща контролен номер BLK
005 - Дата и час на последна редакция
Дата и час на последна редакция 20240706152046.0
007 - Фиксирано поле за физическо описани
Физическо описание ta
008 - Елементи от данни с фиксирана дължина
Елементи с фиксирана дължина 180409b bul|||||r ||||||| ||bul||
020 ## - Международен стандартен номер на книга ISBN
ISBN 9786197106015
020 ## - Международен стандартен номер на книга ISBN
ISBN 9786192270056
Коментар към ISBN !
040 ## - Източник на каталожния запис
Код на библиотеката BLK
041 ## - Код за език
Език Български
-- Английски
Език за КДБФ Български
080 ## - УДК
УДК текст Английски език
УДК код 811.111
УДК – определител (0.046.6)
УДК – код + определител 811.111(0.046.6)
9 (RLIN) 226879
084 ## - Класификационен индекс по друга класификация
Авторски знак Пер - П 37
100 ## - Редна дума - Автор
R(LIN) 363365
Автор Перо, Шарл
245 10 - Сведения за заглавието
Заглавие Магарешката кожа : прочети сам
Авторска отговорност по Шарл Перо ; ил. Любка Маринкова ; прев. Милена Котупова
246 ## - Различни форми на заглавието
Различни форми на заглавието The donkey skin
260 ## - Област на издателските данни
Място на издаване [София]
Име на издателя A&T Publ.
Година на издаване [2013]
9 (RLIN) 391719
300 ## - Физическа характеристика
Брой страници [10] с.
Илюстрации с цв. ил.
Размер 24 см
380 ## - Жанр
Жанр Детска отраслова лит.
500 ## - Общи забележки
Обща забележка Текст на бълг. и англ. език. - Книга от поредицата Прочети сам.
650 #0 - Допълнително описание по предмет – тема
9 (RLIN) 337534
Предметна рубрика Английски език - за деца - адаптирани книги
700 ## - Други автори (авторска отговорност)
Друг автор Маринкова, Любка
9 (RLIN) 486938
700 1# - Други автори (авторска отговорност)
Друг автор Котупова, Милена
Авт. отговорност на др. автор прев.
9 (RLIN) 83435
852 ## - Местоположение
Сигнатура (форматна) 811.111(0.046.6)/П 37 Ш
Отдел Детски отдел
856 4# - Електронен адрес и достъп
Електронен формат pdf - файл
Инструкция (цена за достъп) 0.00
Права за достъп disable
856 4# - Електронен адрес и достъп
Електронен формат pdf - файл
Инструкция (цена за достъп) 0.00
Права за достъп disable
942 ## - АРТИКУЛИ
Вид на библиотечния документ Книги
Скрит в OPAC Не
Koha issues (borrowed), all copies 4
944 ## - СЪЗДАВАНЕ И РЕДАКЦИЯ на ЗАПИСА
Дата на регистрацията/редакция Кети Илиева
Служител, извършил регистрацията/редакцията 30549
Номер на служител Вася Ганчева
999 ## - СИСТЕМНИ КОНТРОЛНИ НОМЕРА
Koha biblionumber 494693
Koha biblioitemnumber 494693
Наличности
Код за отписване Код за изгубен артикул Източник на класификационната схема Код за повреда Код за отдаване Артикулен № Име на библиотеката - собственик Име на библиотеката, в която се намира в момента Статус (Текущо местоположение) Дата на вписване в системата Местоположение - отдел Цена в лева Инвентарен номер Систематично азбучна сигнатура Баркод Цена в евро Служебен тип на артикула
  Не е изгубен Universal Decimal Classification Не е повреден заемане за дома 933112 Регионална библиотека "Любен Каравелов" Русе Регионална библиотека "Любен Каравелов" Русе Детски отдел 2023-08-21 Детски отдел 5.00 120000892329 811.111(0.046.6)/П 37 Ш 120000892329 2.56 Книги
Vip Innovations Ltd, Rousse, Bulgaria 2025